[Event "OP-2011-0-01842"]
[Site "LSS email"]
[Date "2011.10.27"]
[Round "?"]
[White "Vontina, Maria"]
[Black "Corliss, Jorge"]
[Result "1-0"]
[WhiteElo "800"]
[BlackElo "800"]
[PlyCount "49"]
[EventDate "2011.10.25"]
[EventType "tourn (corr)"]
[EventRounds "4"]
[EventCountry "GER"]
[SourceTitle "Telechess CBM 151"]
[Source "ChessBase"]
[SourceDate "2012.11.13"]
[SourceVersion "1"]
[SourceVersionDate "2012.11.13"]
[SourceQuality "1"]

1. e4 c5 2. Nf3 d6 3. d4 cxd4 4. Nxd4 Nf6 5. Nc3 a6 6. Bg5 Nbd7 7. Be2 g6 8. 0-0 Bg7 9. f3 0-0 10. a3 Re8 11. Rc1 Qb6 12. Be3 Qxb2 13. Qd3 Qxa3 14. Ra1 Qc5 15. Ne6 Qc6 16. Nxg7 Kxg7 17. Qd2 Kg8 18. Rfd1 b5 19. Rdb1 Bb7 20. Nd1 Rec8 21. Rc1 Ne5 22. Nb2 Rc7 23. Bd1 Rac8 24. Kf2 Nc4 25. Nxc4 1-0